000 00298nam a22001337a 4500
008 170712b xxu||||| |||| 00| 0 eng d
020 _a9780312209230
041 _aeng
080 _22ND
_a038
100 _a23
101 _aFJA
245 _aA DICTIONARY OF PHILOSOPHY
_cFLEW, A
942 _2udc
_cBK
999 _c20277
_d20277